[Event "AUT-chT2M 1112"]
[Site "Austria"]
[Date "2012.04.28"]
[Round "10.5"]
[White "Reschun, Sascha"]
[Black "Enoeckl, Philipp"]
[Result "0-1"]
[WhiteElo "2244"]
[BlackElo "2292"]
[PlyCount "92"]
[EventDate "2011.10.21"]
[EventType "team-tourn"]
[EventRounds "11"]
[EventCountry "AUT"]
[SourceTitle "EXT 2013"]
[Source "ChessBase"]
[SourceDate "2012.11.22"]
[SourceVersion "1"]
[SourceVersionDate "2012.11.22"]
[SourceQuality "1"]
[WhiteTeam "Maria Saal"]
[BlackTeam "Steyregg"]
[WhiteTeamCountry "AUT"]
[BlackTeamCountry "AUT"]

1. e4 e6 2. d4 d5 3. e5 c5 4. c3 Nc6 5. Nf3 Nh6 6. a3 Qb6 7. b4 cxd4 8. cxd4 Nf5 9. Be3 f6 10. exf6 gxf6 11. Nc3 Nxe3 12. fxe3 Bh6 13. Kf2 0-0 14. Rc1 Ne7 15. g4 e5 16. Rg1 Kh8 17. Ne2 Bd7 18. Rg3 a5 19. bxa5 Rxa5 20. Rc3 Ng6 21. Rb3 Qd6 22. Rxb7 Rxa3 23. Ne1 Bc8 24. Rb3 Bg5 25. Ng2 Rxb3 26. Qxb3 Be6 27. Kg1 Rb8 28. Qc2 e4 29. Qc1 Rc8 30. Qd2 Qa3 31. Nef4 Bf7 32. Nxg6+ hxg6 33. Qf2 Qd6 34. h4 Bh6 35. g5 Bg7 36. Nf4 f5 37. Qe2 Bxd4 38. Qd2 Be5 39. h5 Kg7 40. hxg6 Bxg6 41. Rh3 d4 42. Nxg6 Qxg6 43. exd4 Qd6 44. d5 Rc5 45. Ra3 Rxd5 46. Ra7+ Kg6 0-1

[Event "AUT-chT2M 1011"]
[Site "Austria"]
[Date "2011.03.13"]
[Round "8.5"]
[White "Reschun, Sascha"]
[Black "Waldmann, Gerald"]
[Result "1/2-1/2"]
[WhiteElo "2255"]
[BlackElo "2212"]
[PlyCount "56"]
[EventDate "2010.10.16"]
[EventType "team-tourn"]
[EventRounds "11"]
[EventCountry "AUT"]
[SourceTitle "EXT 2012"]
[Source "ChessBase"]
[SourceDate "2011.11.24"]
[SourceVersion "1"]
[SourceVersionDate "2011.11.24"]
[SourceQuality "1"]
[WhiteTeam "Maria Saal"]
[BlackTeam "Wolfsberg"]
[WhiteTeamCountry "AUT"]
[BlackTeamCountry "AUT"]

1. e4 e6 2. d4 d5 3. e5 c5 4. c3 Nc6 5. Nf3 Nh6 6. a3 Nf5 7. b4 cxd4 8. cxd4 Qb6 9. Be3 Be7 10. g4 Nxe3 11. fxe3 f6 12. exf6 gxf6 13. Nc3 Bd7 14. Bd3 a6 15. Rc1 Na7 16. g5 Kd8 17. gxf6 Bxf6 18. Na4 Bxa4 19. Qxa4 Rc8 20. Kf2 Rf8 21. Ke2 Rf7 22. Rxc8+ Nxc8 23. Rg1 Nd6 24. Rg8+ Kc7 25. b5 Nxb5 26. Bxb5 axb5 27. Qa8 Kd6 28. Qc8 Qc7 1/2-1/2

[Event "AUT-chT 0910"]
[Site "Austria"]
[Date "2010.03.28"]
[Round "9.6"]
[White "Wittmann, Walter"]
[Black "Reschun, Sascha"]
[Result "1-0"]
[WhiteElo "2294"]
[BlackElo "2237"]
[PlyCount "43"]
[EventDate "2009.11.06"]
[EventType "team-tourn"]
[EventRounds "11"]
[EventCountry "AUT"]
[SourceTitle "EXT 2011"]
[Source "ChessBase"]
[SourceDate "2010.11.26"]
[SourceVersion "1"]
[SourceVersionDate "2010.11.26"]
[SourceQuality "1"]
[WhiteTeam "Graz Styria"]
[BlackTeam "Maria Saal"]
[WhiteTeamCountry "AUT"]
[BlackTeamCountry "AUT"]

1. e4 e6 2. d4 d5 3. Nd2 b6 4. Ngf3 h6 5. c3 dxe4 6. Nxe4 Bb7 7. Bb5+ c6 8. Bd3 Nd7 9. Bf4 Ndf6 10. Ne5 Qc8 11. Qf3 Be7 12. 0-0 c5 13. dxc5 Bxc5 14. Rad1 a6 15. b4 Nxe4 16. Bxe4 Bxe4 17. Qxe4 Nf6 18. Qf3 Be7 19. Nc4 Nd5 20. Rxd5 Qxc4 21. Rc5 bxc5 22. Qc6+ 1-0

[Event "AUT-chT2M 0809"]
[Site "Austria"]
[Date "2009.03.27"]
[Round "9.5"]
[White "Wegerer, Fred"]
[Black "Reschun, Sascha"]
[Result "1/2-1/2"]
[WhiteElo "2239"]
[BlackElo "2246"]
[PlyCount "116"]
[EventDate "2008.10.11"]
[EventType "team-tourn"]
[EventRounds "11"]
[EventCountry "AUT"]
[SourceTitle "EXT 2010"]
[Source "ChessBase"]
[SourceDate "2010.11.25"]
[SourceVersion "1"]
[SourceVersionDate "2010.11.25"]
[SourceQuality "1"]
[WhiteTeam "Wolfsberg"]
[BlackTeam "Maria Saal"]
[WhiteTeamCountry "AUT"]
[BlackTeamCountry "AUT"]

1. Nf3 c5 2. e3 d6 3. d4 cxd4 4. exd4 Nf6 5. Bd3 g6 6. Bg5 Bg7 7. Nbd2 Nc6 8. c3 h6 9. Bxf6 Bxf6 10. Qb3 a6 11. a4 d5 12. 0-0 0-0 13. Rfe1 Qd6 14. a5 Kg7 15. h3 g5 16. Nf1 h5 17. Ne3 Rd8 18. Ra4 Kf8 19. Bf5 e6 20. Bb1 Kg7 21. Qd1 Rh8 22. Qd2 Qd8 23. Ne5 Bd7 24. Ra3 Nxe5 25. dxe5 Be7 26. Ra2 Qc7 27. Nc2 Rag8 28. Nd4 Kf8 29. g3 Bc5 30. Bd3 Be7 31. b4 Kg7 32. Rc2 Rc8 33. f4 gxf4 34. Qxf4 Rcg8 35. Rf1 Be8 36. c4 Qd8 37. c5 Bg5 38. Qf3 h4 39. Rg2 Qe7 40. g4 Rh6 41. Qe2 Bd7 42. Rgf2 Be8 43. Kh1 Kh8 44. Rf3 Qc7 45. Qe1 Bd8 46. Rf6 Kg7 47. g5 Rh5 48. g6 Rxe5 49. Rxf7+ Bxf7 50. Rxf7+ Qxf7 51. Qxe5+ Qf6 52. Nxe6+ Kh6 53. Qe3+ Kh5 54. Nf4+ Kh6 55. Ne6+ Kh5 56. Qe2+ Kh6 57. Qd2+ Kh5 58. Qe2+ Kh6 1/2-1/2

[Event "AUT-chT2M 0708"]
[Site "Austria"]
[Date "2007.11.11"]
[Round "4.4"]
[White "Ennsberger, Ulrich"]
[Black "Reschun, Sascha"]
[Result "1-0"]
[WhiteElo "2284"]
[BlackElo "2272"]
[PlyCount "81"]
[EventDate "2007.10.13"]
[EventType "team"]
[EventRounds "11"]
[EventCountry "AUT"]
[SourceTitle "EXT 2009"]
[Source "ChessBase"]
[SourceDate "2008.11.26"]
[SourceVersion "1"]
[SourceVersionDate "2008.11.26"]
[SourceQuality "1"]
[WhiteTeam "Voecklabruck"]
[BlackTeam "Maria Saal"]
[WhiteTeamCountry "AUT"]
[BlackTeamCountry "AUT"]

1. Nf3 d5 2. g3 g6 3. Bg2 Bg7 4. d4 c6 5. c4 Nf6 6. 0-0 0-0 7. cxd5 cxd5 8. Nc3 h6 9. Ne5 Nc6 10. Bf4 g5 11. Nxc6 bxc6 12. Be5 Bf5 13. Rc1 Re8 14. Na4 Qa5 15. b3 Rac8 16. e3 Bf8 17. f3 Nd7 18. g4 Bg6 19. Bg3 f6 20. f4 e6 21. Be1 Qa6 22. b4 e5 23. dxe5 fxe5 24. Rxc6 Rxc6 25. Qxd5+ Rce6 26. f5 Qxa4 27. fxe6 Nb6 28. Qxe5 Bg7 29. Qd6 Qxa2 30. e7 Bf7 31. Bc6 Nc4 32. Qc5 Be5 33. Bg3 Bxg3 34. hxg3 Nd2 35. Rxf7 Qb1+ 36. Kg2 Kxf7 37. Qd5+ Kxe7 38. Qe5+ Kf7 39. Bd5+ Kg6 40. Qxe8+ Kf6 41. Qf7+ 1-0

[Event "AUT-chT2M 0607"]
[Site "Austria"]
[Date "2006.10.28"]
[Round "1.4"]
[White "Reschun, Sascha"]
[Black "Lautner, Josef"]
[Result "1-0"]
[WhiteElo "2234"]
[BlackElo "2262"]
[PlyCount "65"]
[EventDate "2006.10.28"]
[EventType "team-tourn"]
[EventRounds "11"]
[EventCountry "AUT"]
[SourceTitle "EXT 2007"]
[Source "ChessBase"]
[SourceDate "2006.11.23"]
[SourceVersion "1"]
[SourceVersionDate "2006.11.23"]
[SourceQuality "1"]
[WhiteTeam "Maria Saal"]
[BlackTeam "Sauwald"]
[WhiteTeamCountry "AUT"]
[BlackTeamCountry "AUT"]

1. e4 d6 2. d4 Nf6 3. Nc3 c6 4. g3 Nbd7 5. Bg2 e5 6. Nf3 b5 7. a3 a5 8. 0-0 Be7 9. Nh4 0-0 10. Nf5 Nb6 11. Ne3 Bb7 12. Re1 Qc7 13. Ne2 Rfe8 14. b3 d5 15. exd5 Nbxd5 16. Nxd5 Nxd5 17. c4 bxc4 18. bxc4 Nb6 19. Qc2 Bf6 20. dxe5 Bxe5 21. Rb1 Ba6 22. c5 Nc4 23. Bf1 Bf6 24. Bf4 Qa7 25. Qf5 Rad8 26. Bd6 Nxd6 27. cxd6 Rxd6 28. Qxa5 Qa8 29. Qc7 Rde6 30. Qf4 g6 31. Rbd1 Be5 32. Qc1 Bxe2 33. Bxe2 1-0

[Event "AUT-chT2M 0304"]
[Site "Austria"]
[Date "2004.03.14"]
[Round "11.5"]
[White "Woeber, Friedrich"]
[Black "Reschun, Sascha"]
[Result "1/2-1/2"]
[WhiteElo "2197"]
[BlackElo "2259"]
[PlyCount "41"]
[EventDate "2003.11.08"]
[EventType "team-tourn"]
[EventRounds "11"]
[EventCountry "AUT"]
[SourceTitle "CBM 097 Extra"]
[Source "ChessBase"]
[SourceDate "2004.01.13"]
[SourceVersion "1"]
[SourceVersionDate "2004.01.13"]
[SourceQuality "1"]
[WhiteTeam "Linz SK Voest"]
[BlackTeam "Maria Saal"]
[WhiteTeamCountry "AUT"]
[BlackTeamCountry "AUT"]

1. e4 e6 2. d4 d5 3. Nc3 Nf6 4. Bg5 Be7 5. e5 Nfd7 6. h4 Bxg5 7. hxg5 Qxg5 8. Qd3 g6 9. Nf3 Qe7 10. 0-0-0 a6 11. Qe3 b6 12. Ng5 Nf8 13. Be2 h6 14. Rh3 Nbd7 15. Nf3 Bb7 16. Rxh6 Rxh6 17. Qxh6 0-0-0 18. Qf4 c5 19. Ng5 cxd4 20. Rxd4 Nxe5 21. Qxe5 1/2-1/2

[Event "AUT-chT2M 0304"]
[Site "Austria"]
[Date "2004.03.13"]
[Round "10.5"]
[White "Reschun, Sascha"]
[Black "Tober, Gerhard"]
[Result "0-1"]
[WhiteElo "2259"]
[BlackElo "2278"]
[PlyCount "58"]
[EventDate "2003.11.08"]
[EventType "team-tourn"]
[EventRounds "11"]
[EventCountry "AUT"]
[SourceTitle "CBM 097 Extra"]
[Source "ChessBase"]
[SourceDate "2004.01.13"]
[SourceVersion "1"]
[SourceVersionDate "2004.01.13"]
[SourceQuality "1"]
[WhiteTeam "Maria Saal"]
[BlackTeam "St Valentin"]
[WhiteTeamCountry "AUT"]
[BlackTeamCountry "AUT"]

1. e4 c5 2. Nf3 Nc6 3. d4 cxd4 4. Nxd4 e5 5. Nb5 d6 6. N1c3 a6 7. Na3 Be6 8. Nc4 b5 9. Ne3 Nf6 10. a3 Be7 11. g4 Nd4 12. Rg1 h5 13. h3 hxg4 14. hxg4 Rc8 15. g5 Nh5 16. Ned5 Bxd5 17. exd5 g6 18. Be3 Nf5 19. Qg4 Nf4 20. Bxf4 Rh4 21. Qg2 Rxf4 22. Be2 Nd4 23. Bd1 Qa5 24. Qh3 Rc4 25. Qd3 b4 26. Na2 b3+ 27. Kf1 Nxc2 28. Bxc2 Rxc2 29. Rg2 Qc5 0-1

[Event "AUT-chT2M 0304"]
[Site "Austria"]
[Date "2004.02.29"]
[Round "9.5"]
[White "Reschun, Sascha"]
[Black "Schnider, Gert"]
[Result "1/2-1/2"]
[WhiteElo "2259"]
[BlackElo "2213"]
[PlyCount "111"]
[EventDate "2003.11.08"]
[EventType "team-tourn"]
[EventRounds "11"]
[EventCountry "AUT"]
[SourceTitle "CBM 097 Extra"]
[Source "ChessBase"]
[SourceDate "2004.01.13"]
[SourceVersion "1"]
[SourceVersionDate "2004.01.13"]
[SourceQuality "1"]
[WhiteTeam "Maria Saal"]
[BlackTeam "Graz Strassenbahn"]
[WhiteTeamCountry "AUT"]
[BlackTeamCountry "AUT"]

1. e4 c5 2. Nf3 e6 3. d4 cxd4 4. Nxd4 Nf6 5. Nc3 Qb6 6. Nb3 Bb4 7. Bd3 d5 8. exd5 Nxd5 9. Bd2 Bxc3 10. bxc3 0-0 11. 0-0 Nc6 12. Re1 e5 13. Rb1 Qc7 14. Qf3 Nde7 15. Bc1 b6 16. Qe2 Be6 17. Ba3 Rfd8 18. g3 Nd5 19. Bb2 Rac8 20. Rbd1 Nf6 21. f3 h5 22. Qe3 Rd7 23. Qg5 Rcd8 24. Bc1 Bc4 25. Re3 Rd5 26. Qh4 Ne7 27. Qh3 Bxd3 28. cxd3 Qxc3 29. Ba3 Qc7 30. Rc1 Qd7 31. Qxd7 R8xd7 32. d4 Nf5 33. Rxe5 Nxd4 34. Rxd5 Rxd5 35. Nxd4 Rxd4 36. Bb2 Rd2 37. Rc8+ Kh7 38. Bxf6 gxf6 39. Rc7 Rxa2 40. Rxf7+ Kg6 41. Rb7 Kf5 42. h4 Ra5 43. Rg7 a6 44. Kg2 Ra4 45. Kh3 Ra3 46. Kg2 Ra2+ 47. Kh3 Ra5 48. g4+ Kf4 49. Rg6 hxg4+ 50. fxg4 Ra3+ 51. Kh2 b5 52. h5 Rc3 53. h6 Rc8 54. Rxf6+ Kxg4 55. Rxa6 Rb8 56. h7 1/2-1/2

[Event "AUT-chT2M 0304"]
[Site "Austria"]
[Date "2003.11.09"]
[Round "2.5"]
[White "Reschun, Sascha"]
[Black "Moser, Eva"]
[Result "0-1"]
[WhiteElo "2259"]
[BlackElo "2328"]
[PlyCount "59"]
[EventDate "2003.11.08"]
[EventType "team-tourn"]
[EventRounds "11"]
[EventCountry "AUT"]
[SourceTitle "CBM 097 Extra"]
[Source "ChessBase"]
[SourceDate "2004.01.13"]
[SourceVersion "1"]
[SourceVersionDate "2004.01.13"]
[SourceQuality "1"]
[WhiteTeam "Maria Saal"]
[BlackTeam "Graz Styria"]
[WhiteTeamCountry "AUT"]
[BlackTeamCountry "AUT"]

1. e4 d6 2. d4 Nf6 3. Nc3 Nbd7 4. f4 e5 5. Nf3 exd4 6. Qxd4 c6 7. a4 d5 8. e5 Bc5 9. Qd3 Ng4 10. Nd1 0-0 11. Ng5 g6 12. Be2 Ngxe5 13. fxe5 Nxe5 14. Qg3 Qe7 15. Bf4 Nc4 16. Kf1 f6 17. Nh3 Re8 18. Bxc4 dxc4 19. Nc3 Bf5 20. Rc1 Rad8 21. Ng1 b5 22. axb5 cxb5 23. h4 a6 24. Nd1 Bxc2 25. Ne3 Bd3+ 26. Kf2 Rd4 27. Re1 Re4 28. Rh3 a5 29. Qf3 a4 30. Ne2 0-1

[Event "AUT-chT2M 0203"]
[Site "Austria"]
[Date "2002.12.01"]
[Round "5"]
[White "Reschun, Sascha"]
[Black "Stanec, Nikolaus"]
[Result "0-1"]
[WhiteElo "2280"]
[BlackElo "2523"]
[PlyCount "58"]
[EventDate "2002.10.11"]
[EventType "team"]
[EventRounds "11"]
[EventCountry "AUT"]
[SourceTitle "EXT 2004"]
[Source "ChessBase"]
[SourceDate "2003.11.25"]
[SourceVersion "1"]
[SourceVersionDate "2003.11.25"]
[SourceQuality "1"]

1. e4 c5 2. Nf3 e6 3. d4 cxd4 4. Nxd4 a6 5. c4 Nf6 6. Bd3 d6 7. Nc3 g6 8. b3 Bg7 9. Bb2 0-0 10. 0-0 b6 11. f4 Bb7 12. Qe2 Nbd7 13. Rad1 e5 14. fxe5 Nxe5 15. Bb1 Re8 16. Ba3 b5 17. cxb5 d5 18. Bb2 dxe4 19. Nxe4 Bxe4 20. Bxe4 Neg4 21. Rf4 axb5 22. a3 Qb6 23. h3 Nh6 24. g4 Rad8 25. Qf3 g5 26. Rxf6 Bxf6 27. Bd5 Re5 28. Bc6 Re6 29. Bd5 Red6 0-1

[Event "AUT-chT2S 0102"]
[Site "Austria"]
[Date "2002.03.15"]
[Round "9.4"]
[White "Aschenbrenner, Robert"]
[Black "Reschun, Sascha"]
[Result "1/2-1/2"]
[WhiteElo "2231"]
[BlackElo "2282"]
[PlyCount "61"]
[EventDate "2001.11.10"]
[EventType "team"]
[EventRounds "11"]
[EventCountry "AUT"]
[SourceTitle "EXT 2003"]
[Source "ChessBase"]
[SourceDate "2002.11.25"]
[SourceVersion "1"]
[SourceVersionDate "2002.11.25"]
[SourceQuality "1"]

1. e4 e6 2. d3 d5 3. Nd2 c5 4. Ngf3 Nc6 5. g3 g6 6. Bg2 Bg7 7. 0-0 Nge7 8. Re1 0-0 9. c3 dxe4 10. dxe4 e5 11. a4 h6 12. Nc4 Be6 13. Qxd8 Rfxd8 14. Nfd2 Rd7 15. a5 Rad8 16. Bf1 Nc8 17. Nb3 Bf8 18. Be3 b6 19. axb6 axb6 20. f3 Kg7 21. Kf2 Be7 22. Ra6 Rc7 23. Nc1 Nb8 24. Ra1 f6 25. b3 b5 26. Na3 b4 27. Nb5 Rcd7 28. Bc4 Bxc4 29. bxc4 bxc3 30. Nxc3 Nb6 31. Nb3 1/2-1/2

[Event "AUT-chT2S 0102"]
[Site "Austria"]
[Date "2002.??.??"]
[Round "5"]
[White "Muellneritsch, Anton"]
[Black "Reschun, Sascha"]
[Result "0-1"]
[WhiteElo "2221"]
[BlackElo "2282"]
[PlyCount "81"]
[EventDate "2001.11.10"]
[EventType "team"]
[EventRounds "11"]
[EventCountry "AUT"]
[SourceTitle "EXT 2003"]
[Source "ChessBase"]
[SourceDate "2002.11.25"]
[SourceVersion "1"]
[SourceVersionDate "2002.11.25"]
[SourceQuality "1"]

1. e4 e6 2. d4 d5 3. exd5 exd5 4. Nf3 Bd6 5. c4 c6 6. Nc3 Ne7 7. cxd5 Nxd5 8. Nxd5 cxd5 9. Bb5+ Nc6 10. Qe2+ Be6 11. 0-0 0-0 12. h3 Bf5 13. Be3 Rc8 14. Bd3 Bxd3 15. Qxd3 Qd7 16. a3 f6 17. Rfe1 Ne7 18. Nh4 g5 19. Nf3 g4 20. hxg4 Qxg4 21. Bh6 Rf7 22. Rac1 Rd8 23. Rc3 Nf5 24. Qd2 b5 25. Rb3 a6 26. Rd3 Bb8 27. Qa5 Bc7 28. Qd2 a5 29. Rc3 Bd6 30. Qc1 Nxh6 31. Qxh6 Rg7 32. Qh1 b4 33. Rce3 Rf8 34. a4 Bf4 35. Re7 Rxe7 36. Rxe7 h6 37. Ra7 Rc8 38. g3 Rc1+ 39. Kg2 Rxh1 40. Kxh1 Qxf3+ 41. Kg1 0-1

[Event "AUT-chT2S 0001"]
[Site "Austria"]
[Date "2000.11.05"]
[Round "4"]
[White "Reschun, Sascha"]
[Black "Ceschia, Ivano"]
[Result "1/2-1/2"]
[WhiteElo "2282"]
[BlackElo "2363"]
[PlyCount "30"]
[EventDate "2000.??.??"]
[EventType "team"]
[EventRounds "11"]
[EventCountry "AUT"]
[SourceTitle "EXT 2002"]
[Source "ChessBase"]
[SourceDate "2001.11.25"]
[SourceVersion "1"]
[SourceVersionDate "2001.11.25"]
[SourceQuality "1"]

1. e4 c5 2. Nf3 e6 3. d4 cxd4 4. Nxd4 a6 5. c4 Nf6 6. Nc3 Bb4 7. Bd3 Bxc3+ 8. bxc3 d6 9. 0-0 Nbd7 10. Ba3 Qc7 11. Nb3 b6 12. Re1 Nc5 13. Bc2 0-0 14. f4 e5 15. f5 Bb7 1/2-1/2

[Event "AUT-chT2S 0001"]
[Site "Austria"]
[Date "2000.11.04"]
[Round "3"]
[White "Reschun, Sascha"]
[Black "Schlindwein, Rolf"]
[Result "1/2-1/2"]
[WhiteElo "2282"]
[BlackElo "2442"]
[PlyCount "73"]
[EventDate "2000.??.??"]
[EventType "team"]
[EventRounds "11"]
[EventCountry "AUT"]
[SourceTitle "EXT 2002"]
[Source "ChessBase"]
[SourceDate "2001.11.25"]
[SourceVersion "1"]
[SourceVersionDate "2001.11.25"]
[SourceQuality "1"]

1. e4 c5 2. Nf3 Nc6 3. d4 cxd4 4. Nxd4 e5 5. Nb5 a6 6. Nd6+ Bxd6 7. Qxd6 Qf6 8. Qc7 Nge7 9. Nc3 Nb4 10. Bd3 d5 11. 0-0 d4 12. Ne2 Nec6 13. Bd2 0-0 14. f4 Nxd3 15. cxd3 Qd8 16. Qxd8 Rxd8 17. fxe5 Nxe5 18. Ba5 Re8 19. Nf4 Be6 20. Bb6 Nc6 21. a3 a5 22. Nd5 Ra6 23. Nc7 Rxb6 24. Nxe8 Ne5 25. Nc7 Bg4 26. Rf2 Nxd3 27. Rd2 Rb3 28. Nd5 Kf8 29. Rf1 Ne5 30. Rxd4 Rxb2 31. h3 Bd7 32. Rc1 Bxh3 33. gxh3 Nf3+ 34. Kf1 f5 35. Rd3 fxe4 36. Rxf3+ exf3 37. Rc3 1/2-1/2

[Event "AUT-chT qual"]
[Site "Linz"]
[Date "2000.03.31"]
[Round "1"]
[White "Reschun, Sascha"]
[Black "Niedermayr, Horst"]
[Result "1/2-1/2"]
[WhiteElo "2282"]
[BlackElo "2208"]
[PlyCount "46"]
[EventDate "2000.03.31"]
[EventType "team"]
[EventRounds "3"]
[EventCountry "AUT"]
[SourceTitle "EXT 2001"]
[Source "ChessBase"]
[SourceDate "2000.11.22"]
[SourceVersion "1"]
[SourceVersionDate "2000.11.22"]
[SourceQuality "1"]

1. e4 d5 2. exd5 Qxd5 3. Nc3 Qa5 4. d4 Nf6 5. Nf3 c6 6. Be2 Bf5 7. 0-0 Nbd7 8. Bf4 e6 9. a3 a6 10. Re1 Be7 11. h3 0-0 12. Nh4 Bg6 13. Bf3 Rfe8 14. Nxg6 hxg6 15. Qd2 Qd8 16. g3 Nb6 17. b3 a5 18. h4 Nbd5 19. Ne2 Nxf4 20. Nxf4 Bd6 21. Nd3 Qc7 22. Kg2 Rad8 23. Qe2 Qb6 1/2-1/2